La eficacia del defensor del pueblo en Iberoamřica

Detalles Bibliográficos
Autor principal: Irìzoz, Mara̕
Formato: eBook
Lenguaje:español
Publicado: Madrid: Dykinson, 2012
Materias:
Acceso en línea:Acceso restringido

MARC

LEADER 00000nam a22000007a 4500
005 2013121701001.0
007 cr|||| ||||
008 131217s2012 sp |||||s|||| 00||0 spa d
020 |a 978-84-9031-525-5 
035 |a 11684 
040 |a vLex 
090 |c 4620  |d 4620 
100 1 |a Irìzoz, Mara̕ 
245 1 3 |a La eficacia del defensor del pueblo en Iberoamřica  |h [Recurso electrn̤ico] /  |c Mara̕ Irìzoz  
256 |a Servicio en ln̕ea 
260 |a Madrid:  |b Dykinson,  |c 2012 
300 |a 1 recurso electrn̤ico 
506 1 |a Contenido solo disponible en los productos indicados  |d vLex Global  |d vLex Global (Academic Edition, excluding Law Schools)  |d vLex Global (U.S. Academic Edition, Law Schools)  |d vLex Global (U.S. Academic Edition, excluding Law Schools)  |d vLex Global (Academic Edition, Law Schools) 
650 0 4 |a Defensor del pueblo  |z Iberoamřica 
740 0 |a vLex Libros (Servicio en ln̕ea) 
856 4 0 |u http://vlex.com/source/la-eficacia-defensor-pueblo-iberoamerica-11684  |z Acceso restringido 
942 |c BOOK 
999 0 |a Ombudsman